Normal view
MARC view
Entry Topical Term
001 - CONTROL NUMBER
- control field: 27909
003 - CONTROL NUMBER IDENTIFIER
- control field: OSt
005 - DATE AND TIME OF LATEST TRANSACTION
- control field: 20211005115801.0
008 - FIXED-LENGTH DATA ELEMENTS
- fixed length control field: 211005|| aca||aabn | a|a d
040 ## - CATALOGING SOURCE
- Original cataloging agency: OSt
- Transcribing agency: OSt
150 ## - HEADING--TOPICAL TERM
- Topical term or geographic name entry element: Infrastructure, Indian infrastructure, Metro rail, Cost recovery in infrastructure, Value capture finance
670 ## - SOURCE DATA FOUND
- Source citation: Work cat.: (OSt): Pratap, Kumar V. 27908, Are we creating outcomes similar to power sector by proliferating metro rail across cities in India?
